| 000 | 00701nam1a22002051i 4500 | ||
|---|---|---|---|
| 001 | rc\662101 | ||
| 005 | 20240723230848.0 | ||
| 035 | _a(NLR Aleph) 005952838 | ||
| 090 |
_a6780114 _c6780114 |
||
| 100 | _a20031121d1986 u |0rusy50 ca | ||
| 101 | 0 | _arus | |
| 102 | _aRU | ||
| 105 | _ay ||||||||| | ||
| 200 | 1 |
_aГибкие производственные системы в машиностроении _eАннот. указ. лит. ... _fЦентр. н.-и. и проект.-технол. ин-т орг. и техники упр. ОНТИ |
|
| 210 |
_aМинск _cБ. и. _d1986 |
||
| 215 | _d20 | ||
| 801 | 0 |
_aRU _bNLR _gpsbo |
|
| 801 | 1 |
_aRU _bELAR _2rusmarc |
|
| 852 |
_aNLR _bС _jК-1/3488 |
||
| 942 | _cBOOK | ||